[Event "FINAL MISTRZOSTW POLSKI MLODZIKOW 2016 - CHLOPCY"]
[Site "Jastrzebia Gora"]
[Date "1899-12-30"]
[Round "3.16"]
[White "Jedraszek, Pawel"]
[Black "Blazniak, Bartlomiej"]
[Result "0-1"]
[WhiteTitle "II"]
[BlackTitle "II"]
[WhiteElo "1261"]
[BlackElo "1137"]

1. d4 d5 2. c4 e6 3. Nc3 Bb4 4. Bd2 Nf6 5. Nf3 O-O 6. e3 Nc6 7. Bd3 dxc4 8. Bxc4
Qe7 9. O-O e5 10. Nxe5 Nxe5 11. dxe5 Qxe5 12. Nd5 Nxd5 13. Bxd5 Qxd5 14. Bxb4
Rd8 15. Qxd5 Rxd5 16. Rfd1 Rxd1+ 17. Rxd1 Be6 18. b3 f6 19. Kf1 Kf7 20. Ke2 Ke8
21. h3 Rd8 22. Rxd8+ Kxd8 23. Bc3 Ke7 24. e4 g6 25. f4 f5 26. Kf3 fxe4+ 27. Kxe4
Bf5+ 28. Kf3 Bb1 29. a3 Ba2 30. b4 Bd5+ 31. Kf2 Ke6 32. g4 h5 33. Be5 c6 34. Kg3
hxg4 35. hxg4 Be4 36. a4 Kd5 37. Bc3 b6 38. Kh4 c5 39. Be1 c4 40. Bc3 Bc2 41.
Kg5 Ke4 42. f5 gxf5 43. gxf5 Bxa4 44. Kf6 Be8 45. Ke7 Bh5 46. Kd6 Kd3 47. Bh8
c3 48. Kc7 c2 49. Bb2 Kc4 50. Kb7 a5 51. Kxb6 Kxb4 52. Kc6 a4 53. Kd6 a3 54. Bxa3+
Kxa3 55. Ke7 c1=Q 56. f6 Qd2 57. f7 Bxf7 58. Kxf7 Qe3 59. Kf6 Qe4 60. Kf7 Kb4
61. Kf6 Kc5 62. Kg5 Qf3 63. Kg6 Kd6 64. Kg5 Ke5 65. Kg6 Qf6+ 66. Kh5 Qg7 67. Kh4
Kf4 68. Kh5 Qh7# 0-1

[Event "FINAL MISTRZOSTW POLSKI MLODZIKOW 2016 - CHLOPCY"]
[Site "Jastrzebia Gora"]
[Date "1899-12-30"]
[Round "3.17"]
[White "Dawgiel, Bartosz"]
[Black "Kozlowski, Michal"]
[Result "0-1"]
[WhiteTitle "II"]
[BlackTitle "II"]
[WhiteElo "1134"]
[BlackElo "1256"]

1. e4 e6 2. d4 d5 3. Nc3 dxe4 4. Nxe4 Nf6 5. Bd3 Be7 6. c3 O-O 7. Qc2 h6 8. f4
Nxe4 9. Bxe4 c6 10. Nf3 Nd7 11. O-O Nf6 12. Bd3 c5 13. Kh1 cxd4 14. Rd1 Kh8 15.
Nxd4 Bc5 16. Nf3 Ng4 17. Nd4 Bxd4 18. cxd4 Qxd4 19. Rf1 Rd8 20. Rf3 Nf2+ 21. Qxf2
Qxf2 22. Rxf2 Rxd3 23. h4 Bd7 24. Bd2 Rd8 25. Bb4 Bc6 26. Kh2 Rd1 27. Rxd1 Rxd1
28. Kg3 Rd3+ 29. Kh2 Rd5 30. Rf3 Rb5 31. Rb3 Bd5 32. a4 Rb6 33. a5 Rb5 0-1

[Event "FINAL MISTRZOSTW POLSKI MLODZIKOW 2016 - CHLOPCY"]
[Site "Jastrzebia Gora"]
[Date "1899-12-30"]
[Round "3.18"]
[White "Wolski, Michal"]
[Black "Bancarewicz, Aleks"]
[Result "0-1"]
[WhiteTitle "II"]
[BlackTitle "II"]
[WhiteElo "1116"]
[BlackElo "1254"]

1. e4 e6 2. d4 d5 3. e5 c5 4. c3 Nc6 5. Nf3 Qb6 6. Be2 cxd4 7. cxd4 Nge7 8. Nc3
Nf5 9. Bb5 a6 10. Bxc6+ bxc6 11. a3 a5 12. O-O Ba6 13. Re1 Bc4 14. Qd2 Bb3 15.
Ne2 c5 16. Qc3 Be7 17. Be3 Nxe3 18. Qxe3 O-O 19. Rac1 Rfc8 20. Rc3 Bc4 21. b3
Bxe2 22. dxc5 Bxc5 23. Qxe2 Bxf2+ 24. Qxf2 Qxf2+ 25. Kxf2 Rxc3 26. Rb1 Rb8 27.
Nd4 h6 28. a4 Rb4 29. Rd1 Kf8 30. Ke2 Ke8 31. Kd2 Rxd4+ 0-1

[Event "FINAL MISTRZOSTW POLSKI MLODZIKOW 2016 - CHLOPCY"]
[Site "Jastrzebia Gora"]
[Date "1899-12-30"]
[Round "3.19"]
[White "Karolczuk, Iwo"]
[Black "Backiel, Hubert"]
[Result "1-0"]
[WhiteTitle "III"]
[BlackTitle "II+"]
[WhiteElo "1114"]
[BlackElo "1247"]

1. e4 e5 2. Nf3 Nf6 3. Nxe5 d6 4. Nf3 Nxe4 5. c3 Nc6 6. Bb5 Bd7 7. d3 Nf6 8. Be3
Be7 9. h3 O-O 10. Nbd2 a6 11. Ba4 Ne5 12. Nxe5 Bxa4 13. Qxa4 dxe5 14. Qc2 Qd7
15. Nf3 Bd6 16. Bg5 Nd5 17. g4 Rfe8 18. O-O-O Qc6 19. Nd2 b5 20. Be3 Qb7 21. h4
c5 22. g5 Rec8 23. Ne4 Be7 24. h5 a5 25. Rdg1 Nb4 26. Qb1 c4 27. f3 Nxd3+ 28.
Kd2 Qd5 29. Ke2 Rd8 30. Nf6+ Bxf6 31. gxf6 g6 32. hxg6 fxg6 33. Rd1 Qe6 34. Bg5
Rf8 35. Rh4 Nf4+ 36. Kf1 Qc6 37. Kf2 Qc5+ 38. Kg3 Nd3 39. Qc2 e4 40. f4 Qe3+ 41.
Kh2 Qf2+ 42. Qxf2 Nxf2 43. Rd5 Rab8 44. Rd7 Rf7 45. Rxf7 Kxf7 46. Rxh7+ Ke6 47.
Kg3 Nd3 48. Re7+ Kf5 49. f7 Rf8 50. Bh6 e3 51. Bxf8 e2 52. Rxe2 Kf6 53. Re8 Kxf7
54. Rb8 b4 55. cxb4 axb4 56. Bxb4 Nxb2 57. Rb7+ Ke6 58. Bc3 Nd1 59. Be5 Kd5 1-0

[Event "FINAL MISTRZOSTW POLSKI MLODZIKOW 2016 - CHLOPCY"]
[Site "Jastrzebia Gora"]
[Date "1899-12-30"]
[Round "3.20"]
[White "Madej, Marek"]
[Black "Bochenek, Ryszard"]
[Result "1-0"]
[WhiteTitle "II"]
[BlackTitle "II"]
[WhiteElo "1240"]
[BlackElo "1101"]

1. d4 Nf6 2. c4 g6 3. Nc3 Bg7 4. Nf3 O-O 5. Bf4 d6 6. e3 Bf5 7. Bd3 Bxd3 8. Qxd3
Nbd7 9. O-O c5 10. Rfe1 Qc7 11. Rad1 e5 12. Bg3 Rfe8 13. Qc2 Rad8 14. Nb5 Qb6
15. Nxd6 Qxd6 16. dxe5 Qe6 17. exf6 Qxf6 18. Bh4 Qe6 19. Bxd8 Rxd8 20. Rd2 Rf8
21. Red1 Ne5 22. Nxe5 Bxe5 23. Rd8 h5 24. g3 h4 25. Qe4 h3 26. Rxf8+ Kxf8 27.
Rd5 Qf6 28. Rxe5 Qd8 29. Qg4 Qf6 30. Rxc5 Qxb2 31. Qd1 Qf6 32. Rc8+ Kg7 33. Qd4
Qxd4 34. exd4 Kf6 35. Ra8 Kf5 36. Rxa7 Ke4 37. Rxb7 Kxd4 38. Rxf7 Kxc4 39. Rg7
Kd5 40. Rxg6 Ke5 41. a4 Kd5 42. a5 Kd4 43. a6 Kc4 44. a7 Kd4 45. a8=Q Kd3 46.
Qd5+ Kc3 47. Rc6+ Kb2 48. Qb5+ Ka1 49. Ra6# 1-0

[Event "FINAL MISTRZOSTW POLSKI MLODZIKOW 2016 - CHLOPCY"]
[Site "Jastrzebia Gora"]
[Date "1899-12-30"]
[Round "3.21"]
[White "Kusiak, Mateusz"]
[Black "Ciszewski, Krzysztof"]
[Result "1/2-1/2"]
[WhiteTitle "III"]
[BlackTitle "II"]
[WhiteElo "1085"]
[BlackElo "1236"]

1. d4 Nf6 2. Bf4 e6 3. e3 c5 4. c3 Nc6 5. h3 d5 6. Nf3 Bd6 7. Bxd6 Qxd6 8. Bd3
cxd4 9. exd4 a6 10. Nbd2 Bd7 11. Qc2 Rc8 12. O-O Nb4 13. Qb1 Nxd3 14. Qxd3 Bb5
15. c4 dxc4 16. Qc3 Nd5 17. Qc1 O-O 18. Rd1 c3 19. Ne4 Qc7 20. bxc3 Nxc3 21. Nxc3
Qxc3 22. Qxc3 Rxc3 23. Rd2 h6 24. Rad1 Bc6 25. Ne5 Bd5 26. Nd3 b6 27. Nb4 a5 28.
Nxd5 exd5 29. Rb1 Rb8 30. Rb5 Rbc8 31. Rxb6 Rc2 32. Rxc2 Rxc2 33. Rb8+ Kh7 34.
Rb5 Rxa2 35. Rxd5 Rd2 36. Rxa5 Rxd4 37. g3 Kg6 38. Kg2 Rd6 39. Rc5 Re6 40. Rb5
Rf6 41. Rc5 Kh7 42. Rb5 g5 43. g4 Rd6 44. Rb7 Kg7 45. Rb5 1/2-1/2

[Event "FINAL MISTRZOSTW POLSKI MLODZIKOW 2016 - CHLOPCY"]
[Site "Jastrzebia Gora"]
[Date "1899-12-30"]
[Round "3.22"]
[White "Pancewicz, Szymon"]
[Black "Czaja, Adrian"]
[Result "1/2-1/2"]
[WhiteTitle "II"]
[BlackTitle "II"]
[WhiteElo "1079"]
[BlackElo "1196"]

1. Nf3 b6 2. e4 Bb7 3. Nc3 Nf6 4. e5 Nd5 5. Bc4 Nxc3 6. bxc3 e6 7. O-O Be7 8. d4
c6 9. Ne1 g6 10. Qg4 h5 11. Qh3 c5 12. f4 Qc7 13. Bd3 cxd4 14. cxd4 Bd5 15. g4
Qc3 16. Rb1 Qxd4+ 17. Be3 Qa4 18. Ra1 Nc6 19. a3 O-O-O 20. g5 Bc4 21. Bd2 Bc5+
22. Kh1 Bxd3 23. Qxd3 Kb7 24. Bc3 Qa6 25. Qf3 Kc8 26. Nd3 Be7 27. Nb4 Qb7 28.
Rad1 Nxb4 29. Bxb4 Bxb4 30. Qxb7+ Kxb7 31. axb4 d5 32. exd6 Kc6 33. Rf3 Rxd6 34.
Rc3+ Kd7 35. Rxd6+ Kxd6 36. b5 Rd8 37. Kg2 Rd7 38. Kf3 Rc7 39. Rxc7 Kxc7 40. Ke4
Kd6 41. Kd4 Kc7 42. Ke5 Kd7 43. Kf6 Ke8 44. Kg7 Ke7 45. Kg8 f6 1/2-1/2

[Event "FINAL MISTRZOSTW POLSKI MLODZIKOW 2016 - CHLOPCY"]
[Site "Jastrzebia Gora"]
[Date "1899-12-30"]
[Round "3.23"]
[White "Wiszniewski, Szymon"]
[Black "Paszkowski, Krystian"]
[Result "0-1"]
[WhiteTitle "II"]
[BlackTitle "III"]
[WhiteElo "1193"]
[BlackElo "1074"]

1. e4 c5 2. Nf3 Nc6 3. d4 cxd4 4. Nxd4 Qb6 5. Nxc6 dxc6 6. Be3 Qc7 7. Nc3 e5 8.
Qd2 Be6 9. O-O-O Nf6 10. f3 Be7 11. g4 Bb4 12. Kb1 b5 13. Nxb5 Bxa2+ 14. Ka1 Qa5
15. Qg2 cxb5 16. Bxb5+ Kf8 17. Bc5+ Bxc5 18. Qd2 Bb4 0-1

[Event "FINAL MISTRZOSTW POLSKI MLODZIKOW 2016 - CHLOPCY"]
[Site "Jastrzebia Gora"]
[Date "1899-12-30"]
[Round "3.24"]
[White "Herwy, Jakub"]
[Black "Pisarek, Jan"]
[Result "1/2-1/2"]
[WhiteTitle "II"]
[BlackTitle "II"]
[WhiteElo "1051"]
[BlackElo "1191"]

1. e4 c5 2. Nf3 d6 3. d4 cxd4 4. Nxd4 Nf6 5. Nc3 g6 6. Bc4 Bg7 7. f3 Nc6 8. Be3
O-O 9. O-O Bd7 10. Kh1 a6 11. Bb3 Rc8 12. Qd2 b5 13. Nce2 Ne5 14. Bg1 Qc7 15.
Rac1 Nc4 16. Bxc4 Qxc4 17. b3 Qc7 18. c4 bxc4 19. Rxc4 Qb7 20. Ng3 Rxc4 21. bxc4
Rc8 22. Qd3 Qb4 23. Rc1 Qa4 24. Qb3 Bh6 25. Rc2 Bg7 26. Rc1 Bh6 27. Rc2 Bg7 28.
Rc1 Bh6 29. Rc2 Bg7 30. Rc1 1/2-1/2

[Event "FINAL MISTRZOSTW POLSKI MLODZIKOW 2016 - CHLOPCY"]
[Site "Jastrzebia Gora"]
[Date "1899-12-30"]
[Round "3.25"]
[White "Wieczorek, Mikolaj"]
[Black "Zmuda, Mateusz"]
[Result "1-0"]
[WhiteTitle "II"]
[BlackTitle "II"]
[WhiteElo "1217"]
[BlackElo "1199"]

1. e4 c5 2. Nf3 g6 3. d4 cxd4 4. Nxd4 Nc6 5. Nc3 Bg7 6. Be3 Nf6 7. Nxc6 bxc6 8.
e5 Ng8 9. f4 f6 10. e6 d6 11. f5 g5 12. Qh5+ Kf8 13. Qf7# 1-0

[Event "FINAL MISTRZOSTW POLSKI MLODZIKOW 2016 - CHLOPCY"]
[Site "Jastrzebia Gora"]
[Date "1899-12-30"]
[Round "3.26"]
[White "Jaskiewicz, Kacper"]
[Black "Lesien, Tymoteusz"]
[Result "1-0"]
[WhiteTitle "II"]
[BlackTitle "II"]
[WhiteElo "1100"]
[BlackElo "1213"]

1. e4 c5 2. Nf3 e6 3. Bc4 a6 4. a3 d6 5. d3 Nf6 6. Be3 Be7 7. h3 b5 8. Ba2 Bb7
9. Nbd2 O-O 10. Rb1 Nc6 11. Nh2 Qc7 12. Ng4 Rad8 13. O-O Rfe8 14. Bg5 Nxg4 15.
Bxe7 Qxe7 16. Qxg4 Nd4 17. Rbc1 Qd7 18. Nb3 Nc6 19. f4 Bc8 20. Kh1 Qa7 21. Qg3
a5 22. Rf2 a4 23. Nd2 Nd4 24. Nf3 Nxf3 25. Rxf3 Bb7 26. Re3 d5 27. exd5 Bxd5 28.
Bxd5 exd5 29. Rce1 Qd7 30. Qf3 Rxe3 31. Qxe3 d4 32. Qe5 Qc6 33. Qe7 Rf8 34. Re4
c4 35. Rxd4 h6 36. dxc4 bxc4 37. Qb4 Re8 38. Rxc4 1-0

[Event "FINAL MISTRZOSTW POLSKI MLODZIKOW 2016 - CHLOPCY"]
[Site "Jastrzebia Gora"]
[Date "1899-12-30"]
[Round "3.27"]
[White "Wilk, Igor"]
[Black "Choina, Jan"]
[Result "1/2-1/2"]
[WhiteTitle "III"]
[BlackTitle "II"]
[WhiteElo "1103"]
[BlackElo "1190"]

1. e4 c5 2. Nf3 d6 3. c3 Nf6 4. Be2 Bd7 5. d3 g6 6. O-O Bg7 7. Bg5 O-O 8. a4 Nc6
9. Na3 Rc8 10. Nc4 Ng4 11. h3 Nge5 12. Nfxe5 Nxe5 13. Nxe5 Bxe5 14. Bh6 Re8 15.
f4 Bh8 16. f5 Qb6 17. Ra2 c4+ 18. Kh1 cxd3 19. Bxd3 Rc7 20. g4 Qc5 21. fxg6 hxg6
22. Qf3 Be6 23. Raa1 f6 24. h4 Kh7 25. g5 Qe5 26. Rf2 f5 27. Qf4 Qxf4 28. Rxf4
fxe4 29. Bxe4 Rc4 30. h5 Kg8 31. Bxg6 Rxf4 32. Bxe8 Rh4+ 33. Kg2 Bd5+ 34. Kg3
Re4 35. Rf1 Be5+ 36. Kh3 Be6+ 37. Kg2 Rg4+ 38. Kf2 Rf4+ 39. Ke1 Re4+ 40. Kf2 Bc4
41. Rb1 Re2+ 42. Kf3 Bd3 43. g6 Rh2 1/2-1/2

[Event "FINAL MISTRZOSTW POLSKI MLODZIKOW 2016 - CHLOPCY"]
[Site "Jastrzebia Gora"]
[Date "1899-12-30"]
[Round "3.28"]
[White "Grzadka, Artur"]
[Black "Fudal, Patryk"]
[Result "0-1"]
[WhiteTitle "II"]
[BlackTitle "III"]
[WhiteElo "1172"]
[BlackElo "1082"]

1. d4 d5 2. c4 e6 3. Nc3 Nf6 4. Nf3 Nbd7 5. Bf4 c6 6. e3 Be7 7. Bd3 dxc4 8. Bxc4
b5 9. Bb3 Bb7 10. Qd3 a6 11. Bc2 c5 12. b3 Qb6 13. Qe2 Qa5 14. Qd2 Bxf3 15. gxf3
cxd4 16. exd4 Bb4 17. Qc1 Bxc3+ 18. Bd2 Bxd2+ 19. Qxd2 Qxd2+ 20. Kxd2 Nb6 21.
Rhg1 Rg8 22. Rg2 Rd8 23. Kd3 e5 24. Re1 Rxd4+ 25. Kc3 Nbd7 26. Kb2 h6 27. Rc1
Ke7 28. Rgg1 g6 29. Kb1 Rc8 30. Rge1 Kd6 31. Re2 Nd5 32. Kb2 Nb4 33. Kb1 Nxc2
34. Rexc2 Rxc2 35. Rxc2 Rd3 36. Rc8 Rxf3 37. Rc1 Rxf2 38. Rh1 Rd2 39. Rf1 e4 40.
Rxf7 e3 41. Rf1 e2 42. Rc1 Rd1 43. Rxd1+ exd1=Q+ 44. Kb2 b4 45. h4 Kd5 46. h5
Qd2+ 47. Ka1 Kd4 48. Kb1 Kc3 49. Ka1 Qc2 50. hxg6 h5 51. g7 Nf8 52. gxf8=Q Qb2#
0-1

[Event "FINAL MISTRZOSTW POLSKI MLODZIKOW 2016 - CHLOPCY"]
[Site "Jastrzebia Gora"]
[Date "1899-12-30"]
[Round "3.29"]
[White "Wawrzyniak, Karol"]
[Black "Doskocz, Karol"]
[Result "1/2-1/2"]
[WhiteTitle "II"]
[BlackTitle "II"]
[WhiteElo "1130"]
[BlackElo "1074"]

1. d4 d5 2. c4 c6 3. Nc3 Nf6 4. Nf3 g6 5. Bf4 Bg7 6. e3 O-O 7. Bd3 e6 8. O-O b6
9. Qc2 Qe7 10. e4 dxe4 11. Nxe4 Nxe4 12. Bxe4 Bb7 13. Rac1 Rd8 14. Rfd1 Nd7 15.
Qe2 Nf6 16. Bc2 Rac8 17. Bg5 Qc7 18. Bb3 Re8 19. Qe5 Qxe5 20. Nxe5 Ne4 21. Bf4
Red8 22. Rd3 c5 23. Rcd1 cxd4 24. f3 Nc5 25. Rxd4 Rxd4 26. Rxd4 Nxb3 27. axb3
h5 28. Rd7 Bc6 29. Rxa7 b5 30. Nxf7 Bd4+ 31. Kf1 Bxa7 32. Nd6 Rd8 33. cxb5 Bd5
34. Nc4 Bxc4+ 35. bxc4 Bd4 36. Bg5 Ra8 37. b4 Ra1+ 38. Ke2 Rb1 39. Kd3 Ba7 40.
Be7 Kf7 1/2-1/2

[Event "FINAL MISTRZOSTW POLSKI MLODZIKOW 2016 - CHLOPCY"]
[Site "Jastrzebia Gora"]
[Date "1899-12-30"]
[Round "3.30"]
[White "Grodzicki, Piotr"]
[Black "Homza, Dominik"]
[Result "1-0"]
[WhiteTitle "II"]
[BlackTitle "II"]
[WhiteElo "1129"]
[BlackElo "1019"]

1. e4 c5 2. Nc3 d6 3. f4 Nc6 4. Bb5 g6 5. Bxc6+ bxc6 6. Nf3 Bg7 7. O-O e6 8. d3
Ne7 9. Ne2 O-O 10. Ng3 Rb8 11. c3 Qc7 12. Kh1 a5 13. Nh4 f5 14. Rb1 Bxc3 15. Nf3
Bg7 16. e5 d5 17. h4 Ba6 18. h5 c4 19. Ng5 Qd7 20. Nxh7 Kxh7 21. hxg6+ Nxg6 22.
Qh5+ Bh6 23. Qh3 cxd3 24. Nh5 Qc7 25. Nf6+ Kg7 26. Rf3 Qf7 27. g4 fxg4 28. Qxg4
Rb4 29. Bd2 Rd4 30. Rh3 Bb5 31. Rxh6 Rh8 32. Rxh8 Kxh8 33. Qh5+ Kg7 34. Kg2 Nxf4+
35. Bxf4 Qxh5 36. Nxh5+ Kg6 37. Be3 Rg4+ 38. Ng3 Bc4 39. b3 Ba6 40. a4 Rb4 41.
Bd2 Rd4 42. Rc1 Bb7 43. Rc5 Rg4 44. Rxa5 Rd4 45. Ra7 Bc8 46. Rc7 Ba6 47. Rxc6
Bb7 48. Rxe6+ Kf7 49. Rb6 Bc8 50. b4 Bg4 51. Rc6 Rc4 52. Rxc4 dxc4 53. Ne4 Ke6
54. Nd6 Kxe5 55. Nxc4+ Ke6 56. a5 Kd7 57. Ne5+ Kc7 58. Nxg4 Kb7 59. b5 Ka7 60.
Ne5 Kb7 61. Nxd3 Ka7 62. a6 Kb8 63. b6 Ka8 64. Kf3 Kb8 65. Ke4 Ka8 66. Kd5 Kb8
67. b7 Ka7 68. Nb4 Kb8 69. Kd6 Ka7 70. Kd7 Kb8 71. Bf4+ Ka7 72. b8=Q# 1-0

[Event "FINAL MISTRZOSTW POLSKI MLODZIKOW 2016 - CHLOPCY"]
[Site "Jastrzebia Gora"]
[Date "1899-12-30"]
[Round "4.1"]
[White "Fiszer, Bartosz"]
[Black "Chyzy, Jakub"]
[Result "1-0"]
[WhiteTitle "CM"]
[BlackTitle "I"]
[WhiteElo "1557"]
[BlackElo "1803"]

1. c4 e6 2. g3 Nf6 3. Bg2 d5 4. Nf3 dxc4 5. O-O c6 6. Ne5 Be7 7. Nxc4 b5 8. Ne5
Bb7 9. Qc2 Qc7 10. d4 O-O 11. Nc3 a6 12. Bf4 Bd6 13. Ne4 Nxe4 14. Bxe4 f5 15.
Bg2 Nd7 16. Qb3 Rfe8 17. Qc3 Rac8 18. e4 c5 19. Nxd7 Qxd7 20. Bxd6 Qxd6 21. e5
Qe7 22. Bxb7 Qxb7 23. dxc5 Qc6 24. b4 Red8 25. Rfd1 Rd5 26. Rd3 Rcd8 27. Rad1
Kf7 28. a3 R8d7 29. Qb3 Rd8 30. f3 R8d7 31. Kf2 Rd8 32. Rxd5 exd5 33. Qd3 Ke6
34. f4 g6 35. Qf3 h5 36. Qg2 Kf7 37. Ke2 Qe6 38. Rd4 Rd7 39. Qh3 Kg7 40. Qh4 Qc6
41. Kf2 Qe6 42. Rd1 d4 43. Qf6+ Qxf6 44. exf6+ Kxf6 45. Re1 Kf7 46. Ke2 Re7+ 47.
Kd2 Re4 48. Rc1 Ke7 49. c6 Kd8 50. c7+ Kc8 51. Rc6 Re3 52. Rxa6 Kxc7 53. Rxg6
Rxa3 54. Rg5 h4 55. gxh4 Rh3 56. Rxf5 Rxh4 57. Kd3 Rxh2 58. Kxd4 Rc2 59. Rc5+
1-0

[Event "FINAL MISTRZOSTW POLSKI MLODZIKOW 2016 - CHLOPCY"]
[Site "Jastrzebia Gora"]
[Date "1899-12-30"]
[Round "4.2"]
[White "Lyszczarz, Konrad"]
[Black "Wojdak, Jan"]
[Result "1/2-1/2"]
[WhiteTitle "II+"]
[BlackTitle "II"]
[WhiteElo "1515"]
[BlackElo "1577"]

1. e4 c5 2. Nf3 Nc6 3. d4 cxd4 4. Nxd4 Nf6 5. f3 d6 6. c4 e5 7. Nc2 Be7 8. Be2
Be6 9. Be3 O-O 10. O-O Rc8 11. b3 a6 12. Nd2 Ne8 13. f4 exf4 14. Bxf4 Bf6 15.
Rb1 Be5 16. Bxe5 dxe5 17. Nf3 f6 18. Qd2 Qxd2 19. Nxd2 Rd8 20. Nf3 Rf7 21. Rbd1
Rfd7 22. Rxd7 Rxd7 23. Rd1 Rxd1+ 24. Bxd1 Kf7 25. Ne3 Nd6 26. Bc2 Nb4 27. Bb1
a5 28. Nd5 Na6 29. Nd2 Ke8 30. Bd3 Kd7 31. Kf2 Kc6 32. Ke3 Nb4 33. a3 Nxd3 34.
Kxd3 f5 35. Ne7+ Kd7 36. exf5 Bxf5+ 37. Nxf5 Nxf5 38. Ke4 Ke6 39. c5 Nd4 40. h4
h6 41. g4 g6 42. a4 Kf6 43. g5+ hxg5 44. hxg5+ Kxg5 1/2-1/2

[Event "FINAL MISTRZOSTW POLSKI MLODZIKOW 2016 - CHLOPCY"]
[Site "Jastrzebia Gora"]
[Date "1899-12-30"]
[Round "4.3"]
[White "Kejna, Piotr"]
[Black "Czernecki, Andrzej"]
[Result "1-0"]
[WhiteTitle "II"]
[BlackTitle "II"]
[WhiteElo "1410"]
[BlackElo "1469"]

1. e4 c5 2. Nf3 Nc6 3. d4 cxd4 4. Nxd4 Nf6 5. Nc3 d6 6. Bc4 Qb6 7. Nb3 a6 8. Be3
Qc7 9. O-O g6 10. Qd2 Bg7 11. f3 O-O 12. Rad1 Bd7 13. Rfe1 Rfd8 14. Qf2 Re8 15.
Nd4 Nxd4 16. Rxd4 e5 17. Bxf7+ Kxf7 18. Rd2 Be6 19. Red1 Bf8 20. Na4 Nd7 21. Qh4
Kg8 22. Qg3 Qa5 23. Nc3 Nf6 24. Qf2 Qc7 25. Bg5 Nd7 26. Be3 Nf6 27. Bg5 d5 28.
exd5 Bc5 29. Be3 Bxe3 30. Qxe3 Bd7 31. Kf1 Bb5+ 32. Kg1 Rac8 33. Kh1 Qc5 34. Qg5
Qe7 35. d6 Qd8 36. h3 Bd7 37. Re1 Rc5 38. f4 exf4 39. Rxe8+ Qxe8 40. Qxf6 Qe1+
41. Kh2 Qg3+ 42. Kh1 Qe1+ 43. Kh2 Qxd2 44. Qd8+ Kg7 45. Qxd7+ Kh6 46. Qe7 f3 47.
Qf8+ Kg5 48. Ne4+ 1-0

[Event "FINAL MISTRZOSTW POLSKI MLODZIKOW 2016 - CHLOPCY"]
[Site "Jastrzebia Gora"]
[Date "1899-12-30"]
[Round "4.4"]
[White "Iwaszkiewicz, Grzegorz"]
[Black "Matela, Krzysztof"]
[Result "0-1"]
[WhiteTitle "II"]
[BlackTitle "II"]
[WhiteElo "1206"]
[BlackElo "1328"]

1. d4 Nf6 2. Nf3 c5 3. c3 g6 4. Bf4 Bg7 5. e3 d5 6. Nbd2 Bf5 7. Qb3 Qb6 8. Bb5+
Nbd7 9. dxc5 Qxc5 10. Bxd7+ Nxd7 11. Qxb7 O-O 12. Nb3 Qc4 13. Nfd4 Bxd4 14. Nxd4
Nc5 15. Qxe7 Nd3+ 16. Kd2 Rae8 17. Qf6 Nxf4 18. exf4 Qd3+ 19. Kc1 Re2 20. Rd1
Rc2+ 21. Kb1 Qxd1# 0-1

[Event "FINAL MISTRZOSTW POLSKI MLODZIKOW 2016 - CHLOPCY"]
[Site "Jastrzebia Gora"]
[Date "1899-12-30"]
[Round "4.5"]
[White "Rzenca, Jerzy"]
[Black "Fronczyk, Wiktor"]
[Result "0-1"]
[WhiteTitle "II"]
[BlackTitle "II"]
[WhiteElo "1196"]
[BlackElo "1251"]

1. e4 c5 2. Nf3 d6 3. d4 cxd4 4. Nxd4 Nf6 5. Nc3 a6 6. a4 e6 7. Be2 b6 8. Be3 Bb7
9. Bf3 Qc7 10. O-O Be7 11. Qd2 Nbd7 12. Rfe1 h6 13. Nb3 g5 14. Qd1 Rg8 15. h3
Ne5 16. Be2 Nxe4 17. Nxe4 Bxe4 18. Bd3 Bb7 19. Qe2 Qc6 20. f3 h5 21. Nd4 Qc7 22.
f4 gxf4 23. Bxf4 Rxg2+ 24. Qxg2 Bxg2 25. Kxg2 Nxd3 26. cxd3 e5 27. Rac1 Qb7+ 0-1

[Event "FINAL MISTRZOSTW POLSKI MLODZIKOW 2016 - CHLOPCY"]
[Site "Jastrzebia Gora"]
[Date "1899-12-30"]
[Round "4.6"]
[White "Meers, Hubert"]
[Black "Nowak, Filip"]
[Result "1/2-1/2"]
[WhiteTitle "II+"]
[BlackTitle "II"]
[WhiteElo "1607"]
[BlackElo "1257"]

1. e4 e6 2. d4 d5 3. Nd2 Nf6 4. e5 Nfd7 5. Bd3 c5 6. c3 Nc6 7. Ne2 Qb6 8. Nf3 Be7
9. O-O O-O 10. b3 f6 11. exf6 Nxf6 12. Re1 Bd7 13. Nf4 cxd4 14. cxd4 Bb4 15. Bd2
Bxd2 16. Qxd2 Rae8 17. Re2 Nb4 18. Rc1 Nxd3 19. Nxd3 Bb5 20. Ree1 Ne4 21. Qe3
Bxd3 22. Qxd3 Rc8 23. Qe3 Qa6 24. a4 b6 25. Rxc8 Rxc8 26. Ng5 Rc3 27. Qf4 Nxg5
28. Qxg5 Qc8 29. Rb1 h6 30. Qf4 Rxb3 31. Rxb3 Qc2 32. Qb8+ Kh7 33. h3 Qxb3 34.
Qxa7 Qd1+ 35. Kh2 Qxd4 36. a5 Qf4+ 37. Kg1 Qc1+ 38. Kh2 bxa5 39. Qxa5 Qf4+ 40.
Kg1 Qc1+ 41. Kh2 Qc4 42. Qe1 Qf4+ 1/2-1/2

[Event "FINAL MISTRZOSTW POLSKI MLODZIKOW 2016 - CHLOPCY"]
[Site "Jastrzebia Gora"]
[Date "1899-12-30"]
[Round "4.7"]
[White "Dziewonski, Dariusz"]
[Black "Kozlowski, Michal"]
[Result "1-0"]
[WhiteTitle "II"]
[BlackTitle "II"]
[WhiteElo "1414"]
[BlackElo "1256"]

1. e4 e6 2. d4 d5 3. Nc3 dxe4 4. Nxe4 Nf6 5. Nxf6+ Qxf6 6. Nf3 h6 7. Bd3 Bd6 8.
c3 Nd7 9. Bd2 O-O 10. O-O c6 11. Qe2 b5 12. Qe4 Qf5 13. Qxc6 Qd5 14. Qxd5 exd5
15. Bxb5 Rb8 16. Bc6 Nf6 17. b3 Ba6 18. Rfc1 Rfd8 19. c4 dxc4 20. bxc4 Ba3 21.
Rc2 Rb2 22. Rc3 Bb4 23. Rb3 Rxb3 24. axb3 Bxd2 25. Rxa6 Bc3 26. d5 Rb8 27. Bb5
Bb4 28. g3 Bc5 29. Ne5 Ne4 30. Kg2 Bxf2 31. Kf3 f5 32. d6 Bd4 33. Nc6 1-0

[Event "FINAL MISTRZOSTW POLSKI MLODZIKOW 2016 - CHLOPCY"]
[Site "Jastrzebia Gora"]
[Date "1899-12-30"]
[Round "4.8"]
[White "Madajczak, Piotr"]
[Black "Madej, Marek"]
[Result "0-1"]
[WhiteTitle "II"]
[BlackTitle "II"]
[WhiteElo "1377"]
[BlackElo "1240"]

1. e4 e5 2. Nf3 Nc6 3. Bb5 a6 4. Bxc6 dxc6 5. h3 Bc5 6. O-O f6 7. d3 Ne7 8. Be3
Bd6 9. c3 Be6 10. Nbd2 O-O 11. d4 Qd7 12. Kh2 exd4+ 13. e5 fxe5 14. Ne4 dxe3 15.
fxe3 Bd5 16. Nfd2 Rxf1 17. Qxf1 Rf8 18. Qd3 Rf2 19. Kg1 Bxe4 20. Nxe4 Rf8 21.
Ng5 Qf5 22. Qxf5 Nxf5 23. e4 Ne3 24. Re1 Bc5 25. Kh2 Rf2 26. Rg1 Rxb2 27. Kh1
Rxa2 28. g4 Rc2 29. Rb1 Bb6 30. Ne6 Rxc3 31. Nd8 Rc4 32. Nxb7 Rxe4 33. Nd8 c5
34. Ne6 a5 35. Ng5 Rd4 36. Rb3 Nd5 37. Ne6 Rd1+ 38. Kh2 h6 39. Rf3 Nf6 40. g5
Rd6 41. gxf6 Rxe6 42. fxg7 Kxg7 43. Rd3 e4 44. Rd2 e3 45. Re2 c4 46. Kg2 c3 47.
Kf1 a4 48. Ke1 Rd6 49. Ra2 Ba5 50. Rg2+ Kh7 51. Rc2 Rd2 52. Rc1 a3 53. h4 a2 54.
h5 Rb2 55. Ra1 Rb1+ 56. Rxb1 axb1=Q+ 57. Ke2 Qe4 58. Kf1 e2+ 59. Kf2 e1=Q# 0-1

[Event "FINAL MISTRZOSTW POLSKI MLODZIKOW 2016 - CHLOPCY"]
[Site "Jastrzebia Gora"]
[Date "1899-12-30"]
[Round "4.9"]
[White "Pazdzierz, Piotr"]
[Black "Karolczuk, Iwo"]
[Result "1-0"]
[WhiteTitle "II"]
[BlackTitle "III"]
[WhiteElo "1319"]
[BlackElo "1114"]

1. c4 e5 2. g3 d6 3. Bg2 Nc6 4. Nc3 Nf6 5. d3 h6 6. Nf3 Be6 7. O-O Qd7 8. e3 g5
9. Qe2 Bh3 10. d4 Bxg2 11. Kxg2 e4 12. Nd2 Qe7 13. f3 exf3+ 14. Qxf3 Bg7 15. a3
Qd7 16. Nde4 Nxe4 17. Qxe4+ Qe6 18. Qxe6+ fxe6 19. Nb5 Rc8 20. d5 exd5 21. cxd5
a6 22. dxc6 axb5 23. cxb7 Rb8 24. Rb1 Rxb7 25. Bd2 Rb8 26. Ba5 Rb7 27. Rf2 Rf8
28. Rc2 Kd7 29. Rbc1 Rc8 30. Kh3 Ra7 31. Bd2 Rf8 32. Bc3 Bxc3 33. Rxc3 Rf2 34.
R1c2 Rxc2 35. Rxc2 c5 36. Kg4 Ke6 37. Kh5 Kf5 38. Kxh6 Ke4 39. Rd2 Ra6 40. Kxg5
Kxe3 41. Rd1 Kf3 42. Kf5 Kg2 43. Rd2+ Kh3 44. Ke6 Kg4 45. Rxd6 Ra8 46. Rd2 Re8+
47. Kd7 Re4 48. Kc6 Rd4 49. Rc2 Re4 50. Kxb5 Kf5 51. Rxc5+ Kg6 52. Rc2 Re5+ 53.
Kc4 Re8 54. Kb3 Rb8+ 55. Ka2 Rb6 56. a4 Ra6 57. Ka3 Rd6 58. a5 Ra6 59. b4 Rd6
60. Ka4 Rd4 1-0

[Event "FINAL MISTRZOSTW POLSKI MLODZIKOW 2016 - CHLOPCY"]
[Site "Jastrzebia Gora"]
[Date "1899-12-30"]
[Round "4.10"]
[White "Bancarewicz, Aleks"]
[Black "Rosenfeld, Noe"]
[Result "1-0"]
[WhiteTitle "II"]
[BlackTitle "II"]
[WhiteElo "1254"]
[BlackElo "1279"]

1. e4 c5 2. Nf3 g6 3. d4 cxd4 4. Nxd4 Bg7 5. c4 Qb6 6. Nb3 Nc6 7. Be3 Qc7 8. Qd2
d6 9. Nc3 Bxc3 10. Qxc3 f6 11. f3 e5 12. Nc1 Qa5 13. Qxa5 Nxa5 14. c5 dxc5 15.
Bxc5 Bd7 16. b4 b6 17. Be3 Nc6 18. a3 Nge7 19. Bc4 Rc8 20. Bb3 Nd4 21. Bxd4 exd4
22. Ne2 d3 23. Nc1 Nc6 24. Nxd3 Nd4 25. Bd1 Nc2+ 26. Bxc2 Rxc2 27. O-O Bb5 28.
Rfc1 Rxc1+ 29. Rxc1 Kd7 30. Nf4 Kd6 31. Kf2 f5 32. exf5 gxf5 33. Rd1+ Ke7 34.
Re1+ Kf7 35. Re5 Bd7 36. Nd5 Re8 37. Rxe8 Bxe8 38. Ke3 Bc6 39. Nc3 Ke6 40. Kf4
Kf6 41. Nd1 h5 42. Ne3 Bd7 43. h4 Kg6 44. Ke5 b5 45. f4 Bc8 46. g3 Bd7 47. Kd6
Bc8 48. Nd5 Bb7 49. Ne7+ Kf6 50. Nc6 Bxc6 51. Kxc6 Ke6 52. Kxb5 Kd5 53. Ka6 Kc6
54. Kxa7 Kb5 55. Kb7 Ka4 56. Kc6 1-0